| 000 | 02012cam a22004697a 4500 | ||
|---|---|---|---|
| 999 |
_c529951 _d529951 |
||
| 001 | 14329914 | ||
| 003 | NUST | ||
| 005 | 20191008095930.0 | ||
| 008 | 060405s2006 dcuadk b 000 0 eng d | ||
| 010 | _a 2006925245 | ||
| 035 | _a(CStRLIN)NJRGA2722570-B | ||
| 038 | _aMSOHAIL | ||
| 040 |
_aTRL _cTRL _dDLC |
||
| 042 | _alccopycat | ||
| 043 |
_an-us--- _an-cn--- |
||
| 050 | 0 | 0 |
_aTG22 _b.F8 2006 |
| 082 | _a0 | ||
| 100 | 1 |
_aFu, Gongkang. _923002 |
|
| 245 | 1 | 0 |
_aBridge rating practices and policies for overweight vehicles / _cconsultants, Gongkang Fu and Clementine Fu. |
| 260 |
_aWashington, D.C. : _bTransportation Research Board, _c2006. |
||
| 300 |
_a108 p. : _bill., charts, forms ; _c28 cm. |
||
| 490 | 1 |
_aNCHRP synthesis, _x0547-5570 ; _v359 |
|
| 500 | _aAt head of title: National Cooperative Research Highway Program. | ||
| 500 | _a"Research sponsored by the American Association of State Highway and Transportation Officials in cooperation with the Federal Highway Administration." | ||
| 504 | _aIncludes bibliographical references. | ||
| 650 | 0 |
_aBridges _xLive loads _zUnited States. _923003 |
|
| 650 | 0 |
_aBridges _xLive loads _zCanada. _923004 |
|
| 650 | 0 |
_aTrucks _xWeight _xGovernment policy. _923005 |
|
| 650 | 0 |
_aTrucks _xWeight _xEvaluation. _923006 |
|
| 650 | 0 |
_aBridges _xLaw and legislation. _923007 |
|
| 700 | 1 |
_aFu, Clementine. _923008 |
|
| 710 | 2 |
_aNational Cooperative Highway Research Program. _920864 |
|
| 710 | 2 |
_aAmerican Association of State Highway and Transportation Officials. _919553 |
|
| 710 | 1 |
_aUnited States. _bFederal Highway Administration. _920149 |
|
| 710 | 2 |
_aNational Research Council (U.S.). _bTransportation Research Board. _923009 |
|
| 830 | 0 |
_aSynthesis of highway practice ; _v359. _923010 |
|
| 856 | 4 | 1 |
_3Table of contents only _uhttp://www.loc.gov/catdir/toc/fy0707/2006925245.html |
| 906 |
_a7 _bcbc _ccopycat _d2 _encip _f20 _gy-gencatlg |
||
| 942 |
_2ddc _cBK |
||